[Event "IX Floripa Chess Open Fort Atacadista"]
[Site "Florianópolis - Santa Catari"]
[Date "2023.01.29"]
[Round "10.159"]
[White "Feller, Isadora Cristina Vi"]
[Black "Carlos, Roberta Souto"]
[Result "1-0"]
[WhiteElo "1310"]
[BlackElo "1698"]
[PlyCount "51"]
[EventDate "2023.01.23"]
[EventRounds "10"]
[EventCountry "BRA"]

1. e4 c5 2. Nc3 Nc6 3. g3 g6 4. d3 Bg7 5. Be3 d6 6. Qd2 Nf6 7. h3 O-O 8. Bh6
Rb8 9. Nf3 b5 10. Bg2 Ba6 11. Bxg7 Kxg7 12. O-O c4 13. a3 Qc8 14. Rfe1 cxd3 15.
cxd3 Ne5 16. b4 Nxf3+ 17. Bxf3 Qxh3 18. Bg2 Qh5 19. f3 Qe5 20. Ne2 Rfc8 21. Bh3
Rc7 22. Rac1 Rxc1 23. Rxc1 Qh5 24. Kg2 e6 25. Rh1 g5 26. Bf5 1-0

[Event "IX Floripa Chess Open Fort Atacadista"]
[Site "Florianópolis - Santa Catari"]
[Date "2023.01.29"]
[Round "10.160"]
[White "Flesch, Lucas Henrique Ye"]
[Black "Pavoni, Felipe Stevanin"]
[Result "1/2-1/2"]
[WhiteElo "1306"]
[BlackElo "1674"]
[PlyCount "96"]
[EventDate "2023.01.23"]
[EventRounds "10"]
[EventCountry "BRA"]

1. e4 d6 2. d4 Nf6 3. Nc3 g6 4. Nf3 Bg7 5. Bc4 O-O 6. O-O Nxe4 7. Nxe4 d5 8.
Bxd5 Qxd5 9. Nc3 Qh5 10. Ne5 Qxd1 11. Rxd1 c5 12. Nd5 cxd4 13. Bf4 Nc6 14. Nxc6
bxc6 15. Nxe7+ Kh8 16. Nxc6 Bf5 17. Nxd4 Bxd4 18. Rxd4 Bxc2 19. Rc1 Rfe8 20. h3
Bf5 21. Rc7 Be6 22. Ra4 a6 23. Ra5 Rec8 24. Rxc8+ Bxc8 25. b4 Bb7 26. Be5+ Kg8
27. Bf6 Kf8 28. Rc5 Rc8 29. Rxc8+ Bxc8 30. Kh2 Ke8 31. Kg3 Kd7 32. Kf4 Ke6 33.
Bc3 h6 34. g4 Bb7 35. h4 f6 36. a4 Bc6 37. a5 Bb5 38. Ke3 f5 39. Bg7 h5 40.
gxh5 gxh5 41. Kf4 Kf7 42. Bd4 Kg6 43. Ke5 Bd3 44. f3 Be2 45. f4 Bb5 46. Kd6 Bd3
47. Ke7 Bb5 48. Kd6 Bd3 1/2-1/2

[Event "IX Floripa Chess Open Fort Atacadista"]
[Site "Florianópolis - Santa Catari"]
[Date "2023.01.29"]
[Round "10.162"]
[White "Nobre, Jailson Altair Barb"]
[Black "Nagel, Yasmin Da Silva"]
[Result "0-1"]
[WhiteElo "1669"]
[BlackElo "1386"]
[PlyCount "22"]
[EventDate "2023.01.23"]
[EventRounds "10"]
[EventCountry "BRA"]

1. Nf3 Nf6 2. c4 c5 3. g3 g6 4. Bg2 Bg7 5. Nc3 O-O 6. d4 cxd4 7. Nxd4 h6 8. e4
d6 9. h3 Qb6 10. Nd5 Nxd5 11. cxd5 Qxd4 0-1

[Event "IX Floripa Chess Open Fort Atacadista"]
[Site "Florianópolis - Santa Catari"]
[Date "2023.01.29"]
[Round "10.163"]
[White "Ramazzotte, Alexandre Franco"]
[Black "Ferreira De Souza, Ricardo"]
[Result "1-0"]
[WhiteElo "1649"]
[BlackElo "1365"]
[PlyCount "45"]
[EventDate "2023.01.23"]
[EventRounds "10"]
[EventCountry "BRA"]

1. e4 c5 2. Nf3 Nc6 3. d4 cxd4 4. Nxd4 e6 5. Be2 Bc5 6. Be3 Qb6 7. Nxc6 Bxe3 8.
fxe3 Qxb2 9. Qd4 Qxc2 10. Nb4 Qc1+ 11. Bd1 Nf6 12. O-O Qc7 13. e5 Ng8 14. Nc3
a6 15. Ne4 Nh6 16. Nd6+ Kf8 17. Qf4 Ke7 18. Bh5 Rf8 19. Qg5+ f6 20. Qxg7+ Nf7
21. Bxf7 fxe5 22. Bg8+ Kxd6 23. Qxf8# 1-0

[Event "IX Floripa Chess Open Fort Atacadista"]
[Site "Florianópolis - Santa Catari"]
[Date "2023.01.29"]
[Round "10.164"]
[White "De Souza, Joao Francisco Biz"]
[Black "Gomes, Marco Tulio Caldeir"]
[Result "1/2-1/2"]
[WhiteElo "1249"]
[BlackElo "1645"]
[PlyCount "56"]
[EventDate "2023.01.23"]
[EventRounds "10"]
[EventCountry "BRA"]

1. Nf3 Nf6 2. b3 e6 3. Bb2 d5 4. e3 Bd6 5. d3 c5 6. Nbd2 O-O 7. c4 Nc6 8. Be2
b6 9. d4 Bb7 10. cxd5 exd5 11. O-O Re8 12. Rc1 Rc8 13. dxc5 bxc5 14. Bd3 Ne5
15. Nxe5 Bxe5 16. Bxe5 Rxe5 17. Nf3 Re7 18. Bf5 Rc6 19. Re1 g6 20. Bh3 Qd6 21.
g3 Ne4 22. Nd2 f5 23. Bg2 Qe5 24. Nf3 Qd6 25. Nd2 Qe5 26. Nf3 Qd6 27. Nd2 Rb6
28. Qc2 Rc6 1/2-1/2

[Event "IX Floripa Chess Open Fort Atacadista"]
[Site "Florianópolis - Santa Catari"]
[Date "2023.01.29"]
[Round "10.165"]
[White "Passos Coutinho, Eduardo"]
[Black "Fernandes, Beatriz"]
[Result "0-1"]
[WhiteElo "1630"]
[BlackElo "1359"]
[PlyCount "66"]
[EventDate "2023.01.23"]
[EventRounds "10"]
[EventCountry "BRA"]

1. Nf3 Nf6 2. g3 g6 3. Bg2 Bg7 4. O-O O-O 5. c4 d5 6. cxd5 Nxd5 7. Nc3 c6 8.
Qb3 b6 9. d4 Bb7 10. e4 Nxc3 11. bxc3 e6 12. e5 Na6 13. Nd2 Qc7 14. Ne4 c5 15.
Nf6+ Kh8 16. Bxb7 Qxb7 17. Ba3 Rac8 18. Qd1 Rfd8 19. Qg4 Bxf6 20. exf6 Qd5 21.
Rfd1 cxd4 22. Be7 d3 23. Bxd8 Qxd8 24. Qd4 Nc5 25. Rac1 Qc7 26. Rd2 e5 27. Qe3
Rd8 28. Re1 Re8 29. Qh6 Rg8 30. Rxd3 Nxd3 31. Re4 g5 32. Rg4 Qxc3 33. Rxg5 Qc1+
0-1

[Event "IX Floripa Chess Open Fort Atacadista"]
[Site "Florianópolis - Santa Catari"]
[Date "2023.01.29"]
[Round "10.166"]
[White "Dos Santos, Lucas Carvalho Ribe"]
[Black "Silva, Henrique Brasil Bar"]
[Result "1/2-1/2"]
[WhiteElo "1619"]
[BlackElo "1325"]
[PlyCount "34"]
[EventDate "2023.01.23"]
[EventRounds "10"]
[EventCountry "BRA"]

1. e4 c6 2. d3 d5 3. Nd2 e6 4. Ngf3 c5 5. g3 Nc6 6. Bg2 Nf6 7. O-O Be7 8. Re1
O-O 9. e5 Nd7 10. h4 Nb4 11. Nf1 b6 12. N1h2 Re8 13. Bf4 Bf8 14. h5 Rb8 15. Ng4
h6 16. Nfh2 Bb7 17. a3 Nc6 1/2-1/2

[Event "IX Floripa Chess Open Fort Atacadista"]
[Site "Florianópolis - Santa Catari"]
[Date "2023.01.29"]
[Round "10.167"]
[White "Toffoli, Vanessa"]
[Black "Da Cruz, Emerson"]
[Result "1-0"]
[WhiteElo "1202"]
[BlackElo "1615"]
[PlyCount "30"]
[EventDate "2023.01.23"]
[EventRounds "10"]
[EventCountry "BRA"]

1. e4 c5 2. Nf3 d6 3. Bb5+ Nd7 4. O-O g6 5. Qe2 e5 6. Rd1 Bg7 7. c3 Ne7 8. d4
O-O 9. Be3 Qc7 10. Bxd7 Bxd7 11. dxe5 dxe5 12. Bxc5 Rfe8 13. Bd6 Qb6 14. c4 Bc6
15. Bxe7 Rxe7 1-0

[Event "IX Floripa Chess Open Fort Atacadista"]
[Site "Florianópolis - Santa Catari"]
[Date "2023.01.29"]
[Round "10.168"]
[White "Martins, Arthur Francisco"]
[Black "Carvalho, Kayle Fabricio Amor"]
[Result "1/2-1/2"]
[WhiteElo "1610"]
[BlackElo "1347"]
[PlyCount "33"]
[EventDate "2023.01.23"]
[EventRounds "10"]
[EventCountry "BRA"]

1. b3 d5 2. Bb2 Nc6 3. Nf3 Bg4 4. d4 e6 5. g3 Bxf3 6. exf3 Nf6 7. Bg2 Bd6 8. f4
Qd7 9. O-O O-O-O 10. c4 dxc4 11. bxc4 Bc5 12. Nc3 Bxd4 13. Nb5 Bxb2 14. Qb3 Na5
15. Qxb2 c6 16. Qb4 b6 17. Nc3 1/2-1/2

[Event "IX Floripa Chess Open Fort Atacadista"]
[Site "Florianópolis - Santa Catari"]
[Date "2023.01.29"]
[Round "10.169"]
[White "Campagnolo, Bruna"]
[Black "Altenhofen, Rafael Graneto"]
[Result "1-0"]
[WhiteElo "1607"]
[BlackElo "1315"]
[PlyCount "81"]
[EventDate "2023.01.23"]
[EventRounds "10"]
[EventCountry "BRA"]

1. d4 d5 2. e3 Nf6 3. f4 e6 4. Bd3 Nbd7 5. Nf3 Be7 6. O-O O-O 7. Nbd2 c5 8. c3
a6 9. Ne5 b5 10. g4 Qc7 11. g5 Ne8 12. Qh5 g6 13. Qh6 f6 14. Nxg6 Rf7 15. Nxe7+
Rxe7 16. Kh1 f5 17. g6 hxg6 18. Qxg6+ Ng7 19. Nf3 Nf8 20. Qh6 cxd4 21. cxd4 Ne8
22. Ng5 Qd6 23. Rg1 Rg7 24. Bd2 Raa7 25. a3 Rg6 26. Qh4 Rc7 27. Rg3 Nf6 28. Bb4
Qd8 29. Bxf8 Kxf8 30. Nxe6+ Bxe6 31. Rxg6 Rf7 32. Rag1 Ke7 33. Qg5 Ke8 34. Bxf5
Bxf5 35. Qxf5 Kf8 36. Qg5 Qd6 37. Qh6+ Ke8 38. Rg8+ Ke7 39. R8g7 Qe6 40. Rxf7+
Kxf7 41. Rg7+ 1-0

[Event "IX Floripa Chess Open Fort Atacadista"]
[Site "Florianópolis - Santa Catari"]
[Date "2023.01.29"]
[Round "10.170"]
[White "Ramos, Rafael Cabreira"]
[Black "Senger, Maria Clara Da Silv"]
[Result "1/2-1/2"]
[WhiteElo "1161"]
[BlackElo "1604"]
[PlyCount "74"]
[EventDate "2023.01.23"]
[EventRounds "10"]
[EventCountry "BRA"]

1. e4 e5 2. Nf3 Nc6 3. Bc4 Nf6 4. d3 Bc5 5. c3 d6 6. Nbd2 O-O 7. O-O a6 8. Bb3
Ba7 9. h3 h6 10. Re1 Ne7 11. Nf1 Ng6 12. Be3 Bxe3 13. fxe3 Be6 14. Bc2 Qe7 15.
Ng3 Rad8 16. Qe2 c6 17. a3 Kh8 18. Rad1 Nh7 19. Nf5 Qd7 20. d4 Qc8 21. Qf2 Bxf5
22. exf5 Ne7 23. dxe5 d5 24. Nh2 Qc7 25. Qf4 g5 26. fxg6 Nxg6 27. Qxh6 Qxe5 28.
Bxg6 fxg6 29. Ng4 Qg5 30. Rf1 Qxh6 31. Nxh6 Kg7 32. Ng4 Ng5 33. Nf2 Rde8 34.
Rfe1 Rf7 35. h4 Ne6 36. b4 Rfe7 37. Nd3 g5 1/2-1/2

[Event "IX Floripa Chess Open Fort Atacadista"]
[Site "Florianópolis - Santa Catari"]
[Date "2023.01.29"]
[Round "10.171"]
[White "Altenhofen, Guilherme Graneto"]
[Black "Mauro, Roberto Da Silva"]
[Result "1/2-1/2"]
[WhiteElo "1146"]
[BlackElo "1590"]
[PlyCount "44"]
[EventDate "2023.01.23"]
[EventRounds "10"]
[EventCountry "BRA"]

1. e4 c5 2. Nf3 e6 3. c3 d5 4. e5 Nc6 5. d4 Be7 6. Be2 Bd7 7. O-O Qb6 8. Na3 f6
9. Nc2 O-O-O 10. b3 h5 11. exf6 Bxf6 12. Be3 Be7 13. dxc5 Bxc5 14. Ncd4 Nge7
15. b4 Bxd4 16. Nxd4 Qc7 17. a4 Nxd4 18. Bxd4 Kb8 19. c4 Nc6 20. b5 Nxd4 21.
Qxd4 Rhf8 22. Rfc1 b6 1/2-1/2

[Event "IX Floripa Chess Open Fort Atacadista"]
[Site "Florianópolis - Santa Catari"]
[Date "2023.01.29"]
[Round "10.172"]
[White "Ferreira, Carlos Eduardo"]
[Black "Cheres, Beatriz Fernanda Sa"]
[Result "1-0"]
[WhiteElo "1585"]
[BlackElo "1312"]
[PlyCount "67"]
[EventDate "2023.01.23"]
[EventRounds "10"]
[EventCountry "BRA"]

1. e4 e5 2. Nc3 Nf6 3. Bc4 Bc5 4. d3 O-O 5. Nf3 d6 6. h3 h6 7. O-O Be6 8. Bb3
Nc6 9. Na4 Nd4 10. Nxd4 Bxd4 11. c3 Bxb3 12. Qxb3 Bb6 13. Nxb6 axb6 14. f4 Qe7
15. Be3 Nd7 16. f5 Kh7 17. a3 Nc5 18. Qc2 c6 19. Rf3 f6 20. Raf1 d5 21. g4 Rg8
22. Kg2 Rad8 23. Bc1 dxe4 24. dxe4 Qf7 25. h4 Nb3 26. g5 Qc4 27. Re1 Rd7 28.
Be3 b5 29. Rg3 Rgd8 30. gxf6 gxf6 31. Kh3 Rg8 32. Qg2 Qf7 33. Qe2 Qc4 34. Qh5
1-0

[Event "IX Floripa Chess Open Fort Atacadista"]
[Site "Florianópolis - Santa Catari"]
[Date "2023.01.29"]
[Round "10.173"]
[White "Solanho, Henrique Sulzbach"]
[Black "Carneiro, Claudionor Chaves"]
[Result "0-1"]
[WhiteElo "1098"]
[BlackElo "1577"]
[PlyCount "60"]
[EventDate "2023.01.23"]
[EventRounds "10"]
[EventCountry "BRA"]

1. c4 Nf6 2. Nf3 b6 3. g3 Bb7 4. Bg2 e6 5. Nc3 Bb4 6. Qb3 c5 7. d4 cxd4 8. Qxb4
dxc3 9. Qxc3 O-O 10. O-O Qc7 11. Bf4 d6 12. b3 e5 13. Bg5 Ne4 14. Qc2 Nxg5 15.
Nxg5 g6 16. Bxb7 Qxb7 17. Qe4 Nc6 18. Qh4 f6 19. Ne4 Nd4 20. Nxf6+ Rxf6 21. f4
Raf8 22. Rf2 Qe4 23. Re1 exf4 24. Rxf4 Rxf4 25. gxf4 Rxf4 26. Qd8+ Kg7 27. Qd7+
Kh6 28. Qh3+ Rh4 29. Qg3 Rg4 30. Qxg4 Qxg4+ 0-1

[Event "IX Floripa Chess Open Fort Atacadista"]
[Site "Florianópolis - Santa Catari"]
[Date "2023.01.29"]
[Round "10.174"]
[White "Caceres Benitez, Fernando Israel"]
[Black "Ramos, Fernanda Cabreira"]
[Result "1-0"]
[WhiteElo "1574"]
[BlackElo "1136"]
[PlyCount "81"]
[EventDate "2023.01.23"]
[EventRounds "10"]
[EventCountry "BRA"]

1. f4 d5 2. d3 Nf6 3. Nf3 g6 4. e3 Bg7 5. Be2 Nbd7 6. O-O O-O 7. a4 c5 8. Ne5
Ne8 9. Nxd7 Bxd7 10. Bf3 Nf6 11. Nc3 Bc6 12. e4 dxe4 13. dxe4 Qc7 14. e5 Bxf3
15. Qxf3 Nd7 16. Rd1 e6 17. Nb5 Qc8 18. Nd6 Qc7 19. Qxb7 Qxb7 20. Nxb7 Nb6 21.
b3 c4 22. a5 Nd5 23. bxc4 Nb4 24. c3 Nc6 25. Rd6 Ne7 26. Rd7 Nf5 27. g4 Nh6 28.
h3 Rfc8 29. Ra4 Bf8 30. Be3 Re8 31. Nd6 Re7 32. Rxe7 Bxe7 33. Rb4 Bd8 34. a6
Be7 35. Rb7 Kf8 36. Bxa7 f6 37. Rb8+ Rxb8 38. Bxb8 Bd8 39. c5 Ba5 40. a7 Bxc3
41. a8=Q 1-0

[Event "IX Floripa Chess Open Fort Atacadista"]
[Site "Florianópolis - Santa Catari"]
[Date "2023.01.29"]
[Round "10.175"]
[White "Do Nascimento, Carlos Augusto Xa"]
[Black "De Souza, Lucio Teixeira"]
[Result "1/2-1/2"]
[WhiteElo "1895"]
[BlackElo "1568"]
[PlyCount "59"]
[EventDate "2023.01.23"]
[EventRounds "10"]
[EventCountry "BRA"]

1. e4 c5 2. Nf3 Nc6 3. Bb5 e6 4. Bxc6 bxc6 5. O-O d5 6. d3 Qc7 7. Re1 Ne7 8.
Nc3 d4 9. Na4 Ng6 10. b3 Ne5 11. Nxe5 Qxe5 12. f4 Qc7 13. Rf1 e5 14. f5 Bd6 15.
Qe1 f6 16. Ba3 Qe7 17. Qa5 O-O 18. Bxc5 Bxc5 19. Qxc5 Qc7 20. Qc4+ Kh8 21. Nc5
Re8 22. b4 Qd6 23. g4 Re7 24. Kf2 a5 25. c3 axb4 26. cxb4 Ra3 27. Rac1 Rea7 28.
Rc2 R7a6 29. b5 cxb5 30. Qxb5 1/2-1/2

[Event "IX Floripa Chess Open Fort Atacadista"]
[Site "Florianópolis - Santa Catari"]
[Date "2023.01.29"]
[Round "10.176"]
[White "Santos, Mike Sperandio"]
[Black "Lora, Miguel Said Brasil"]
[Result "1-0"]
[WhiteElo "1811"]
[BlackElo "1566"]
[PlyCount "85"]
[EventDate "2023.01.23"]
[EventRounds "10"]
[EventCountry "BRA"]

1. e4 e5 2. Nf3 Nc6 3. Bc4 Bc5 4. O-O Nf6 5. d3 h6 6. Nbd2 d6 7. c3 O-O 8. h3
Be6 9. Bb3 d5 10. Re1 dxe4 11. dxe4 Qd7 12. Qe2 Rad8 13. Bc2 a6 14. Nc4 Bxc4
15. Qxc4 Qe7 16. Nh4 b5 17. Qe2 Nd7 18. Nf5 Qf6 19. Qg4 Kh7 20. Be3 Bxe3 21.
Nxe3 Qg6 22. Qxg6+ fxg6 23. Nd5 Nc5 24. Rad1 Ne6 25. Re3 Rf7 26. Red3 Rd6 27.
a4 Nc5 28. R3d2 bxa4 29. Nb4 Nxb4 30. Rxd6 Nxc2 31. R6d2 Na1 32. Rxa1 Nb3 33.
Rdd1 Nxa1 34. Rxa1 Rd7 35. Rxa4 Rd1+ 36. Kh2 Rd2 37. Kg3 Rxb2 38. Rxa6 Rb6 39.
Rxb6 cxb6 40. Kf3 b5 41. Ke3 g5 42. Kd3 Kg6 43. Kc2 1-0

[Event "IX Floripa Chess Open Fort Atacadista"]
[Site "Florianópolis - Santa Catari"]
[Date "2023.01.29"]
[Round "10.178"]
[White "Ramazzotte, Maicon Zilli"]
[Black "Barbosa, Rafael Santos"]
[Result "1-0"]
[WhiteElo "1562"]
[BlackElo "1816"]
[PlyCount "71"]
[EventDate "2023.01.23"]
[EventRounds "10"]
[EventCountry "BRA"]

1. c4 Nf6 2. Nc3 g6 3. g3 c6 4. Bg2 d5 5. cxd5 cxd5 6. Qb3 e6 7. d4 Nc6 8. Nf3
Bg7 9. O-O O-O 10. Rd1 b6 11. Bg5 h6 12. Bxf6 Bxf6 13. e4 dxe4 14. Nxe4 Bg7 15.
Rac1 Ne7 16. Qa3 Bb7 17. Ne5 Bxe4 18. Bxe4 Nd5 19. Qf3 Qd6 20. Rc6 Qb4 21. Bxd5
exd5 22. Qxd5 Bxe5 23. dxe5 Qxb2 24. Rxg6+ Kh7 25. Rf6 Kg7 26. Rd4 Qe2 27. Rdf4
Qh5 28. g4 Qh4 29. Rxf7+ Rxf7 30. Qxf7+ Kh8 31. e6 Rg8 32. h3 Qxh3 33. Qxg8+
Kxg8 34. e7 Qa3 35. e8=Q+ Kh7 36. Rf7+ 1-0

[Event "IX Floripa Chess Open Fort Atacadista"]
[Site "Florianópolis - Santa Catari"]
[Date "2023.01.29"]
[Round "10.179"]
[White "Carmo, Jose Arlindo"]
[Black "Moreira, Paulo Vinicius Mace"]
[Result "1/2-1/2"]
[WhiteElo "1562"]
[BlackElo "1800"]
[PlyCount "81"]
[EventDate "2023.01.23"]
[EventRounds "10"]
[EventCountry "BRA"]

1. e4 e5 2. Nf3 Nf6 3. d4 Nxe4 4. Bd3 (4. Be2) 4... d5 5. Nxe5 Bd6 6. O-O O-O
7. Nc3 f5 8. f3 Nxc3 9. bxc3 f4 10. c4 c6 11. cxd5 cxd5 12. Rb1 Nc6 13. Nxc6
bxc6 14. c4 Rf6 15. c5 Bc7 16. Rb2 h5 17. Qe1 Rh6 18. Rff2 h4 19. Rfe2 Bd7 20.
Re7 Kf8 21. Rbe2 Ba5 22. Bd2 Bxd2 23. Qxd2 Qxe7 24. Rxe7 Kxe7 25. Qxf4 h3 26.
Qe5+ Kf7 27. Qc7 Ke8 28. g4 Re6 29. Kf2 g5 30. Bf5 Rc8 31. Qxa7 Re7 32. Bg6+
Kf8 33. Qa5 Kg7 34. Bd3 Kf7 35. Kg3 Rf8 (35... Kf8 36. Be2) 36. Bc2 Rfe8 (36...
Ree8) 37. Qd2 Kf6 38. Kxh3 Rh7+ 39. Kg3 Reh8 40. Qe1 Re7 41. Qc1 1/2-1/2

[Event "IX Floripa Chess Open Fort Atacadista"]
[Site "Florianópolis - Santa Catari"]
[Date "2023.01.29"]
[Round "10.184"]
[White "Duailibi, Ricardo Miguel"]
[Black "Grams, Leon Honke"]
[Result "1-0"]
[WhiteElo "1885"]
[BlackElo "1361"]
[PlyCount "67"]
[EventDate "2023.01.23"]
[EventRounds "10"]
[EventCountry "BRA"]

1. e4 c5 2. d4 cxd4 3. c3 dxc3 4. Nxc3 g6 5. Bc4 Bg7 6. Nf3 e6 7. Bf4 a6 8. O-O
Ne7 9. Qd2 O-O 10. Bh6 Nbc6 11. Bxg7 Kxg7 12. Rab1 Qc7 13. Rfe1 Rd8 14. e5 Nf5
15. g4 Nfe7 16. Qf4 Ng8 17. Bf1 Nce7 18. Ng5 Rf8 19. Nce4 b5 20. Nd6 Bb7 21.
Nxb7 Qxb7 22. Bg2 Nc6 23. Ne4 Rad8 24. Re3 f6 25. Nc5 Qc8 26. exf6+ Nxf6 27.
Rh3 Nh5 28. Qg5 h6 29. Qd2 Nf4 30. Rc3 b4 31. Rc4 Nxg2 32. Kxg2 d5 33. Rcc1 e5
34. Qe2 1-0

[Event "IX Floripa Chess Open Fort Atacadista"]
[Site "Florianópolis - Santa Catari"]
[Date "2023.01.29"]
[Round "10.185"]
[White "Spieker, Otavio Schmidt"]
[Black "Bisesar, Maycon Da Costa"]
[Result "0-1"]
[WhiteElo "1352"]
[BlackElo "1760"]
[PlyCount "88"]
[EventDate "2023.01.23"]
[EventRounds "10"]
[EventCountry "BRA"]

1. e4 d6 2. d4 Nf6 3. Nc3 g6 4. Nf3 Bg7 5. Be3 O-O 6. h3 Nc6 (6... c6) 7. Bd3
e5 8. d5 Ne7 9. O-O Nxe4 10. Bxe4 f5 11. Qc1 fxe4 12. Nxe4 Nxd5 13. Bh6 Nf4 14.
Bxf4 Rxf4 15. Qd1 Be6 16. Neg5 Qe7 17. Nxe6 Qxe6 18. Re1 Raf8 19. Rf1 Rxf3 20.
gxf3 Qxh3 21. Qd5+ Kh8 22. Rfe1 Rxf3 23. Re3 Rxe3 24. fxe3 Qxe3+ 25. Kh1 Qh3+
26. Kg1 Bh6 27. Qg2 Be3+ 28. Kf1 Qf5+ 29. Ke1 h5 30. Qf1 Qxc2 31. Qf8+ Kh7 32.
Qf7+ Kh6 33. Qf8+ Kg5 34. Qe7+ Kg4 35. Qe6+ Qf5 36. Qxf5+ Kxf5 37. Ke2 Bf4 38.
Rd1 g5 39. Rh1 h4 40. Rd1 h3 41. Kf2 g4 42. Rd3 g3+ 43. Ke2 h2 44. Kd1 g2 0-1

[Event "IX Floripa Chess Open Fort Atacadista"]
[Site "Florianópolis - Santa Catari"]
[Date "2023.01.29"]
[Round "10.186"]
[White "Zottis, Pietro"]
[Black "Arruda Filho, Ivo Pereira De"]
[Result "1/2-1/2"]
[WhiteElo "1316"]
[BlackElo "1669"]
[PlyCount "57"]
[EventDate "2023.01.23"]
[EventRounds "10"]
[EventCountry "BRA"]

1. d4 Nf6 2. Nf3 g6 3. c4 Bg7 4. Nc3 O-O 5. e4 d6 6. Be2 Bg4 7. h3 Bxf3 8. Bxf3
e5 9. dxe5 dxe5 10. Bg5 c6 11. O-O Qc7 12. Qe2 Na6 13. Rfd1 Rfd8 14. Bh4 Nc5
15. Bg3 Ne6 16. Qe3 Qa5 17. a3 Nd4 18. b4 Qa6 19. b5 cxb5 20. cxb5 Qe6 21. Rac1
Rac8 22. Bh4 Nxf3+ 23. Qxf3 Rxd1+ 24. Rxd1 h5 25. Kh2 b6 26. Bxf6 Bxf6 27. Nd5
Be7 28. Nxe7+ Qxe7 29. Rd5 1/2-1/2

[Event "IX Floripa Chess Open Fort Atacadista"]
[Site "Florianópolis - Santa Catari"]
[Date "2023.01.29"]
[Round "10.187"]
[White "Muniz, Henrique Rocha"]
[Black "Oliveira, Isaac Rodrigues"]
[Result "0-1"]
[WhiteElo "1657"]
[BlackElo "1356"]
[PlyCount "42"]
[EventDate "2023.01.23"]
[EventRounds "10"]
[EventCountry "BRA"]

1. e4 c5 2. Nf3 d6 3. d3 Nf6 4. g3 g6 5. Bg2 Bg7 6. O-O Nc6 7. Re1 O-O 8. c3 e5
9. Be3 h6 10. Qd2 Ng4 11. Na3 a6 12. Nc2 f5 13. exf5 Bxf5 14. Nh4 Qd7 15. Nxf5
gxf5 16. h3 Nxe3 17. Nxe3 f4 18. Nd5 f3 19. Nb6 Qd8 20. Nxa8 fxg2 21. f3 Rxf3
0-1

[Event "IX Floripa Chess Open Fort Atacadista"]
[Site "Florianópolis - Santa Catari"]
[Date "2023.01.29"]
[Round "10.188"]
[White "Lima, Yuri Ramos Santos"]
[Black "Dionisio, Alex Monteiro"]
[Result "0-1"]
[WhiteElo "1284"]
[BlackElo "1616"]
[PlyCount "138"]
[EventDate "2023.01.23"]
[EventRounds "10"]
[EventCountry "BRA"]

1. d4 Nf6 2. c4 g6 3. Nc3 Bg7 4. e4 d6 5. Be2 O-O 6. Bg5 c5 7. d5 h6 8. Bh4 e6
9. Qd2 Qa5 10. Bd1 exd5 11. cxd5 Re8 12. f3 b5 13. Bg3 b4 14. Nce2 Qb6 15. Ba4
Bd7 16. Bc2 Bb5 17. Nh3 Bxe2 18. Qxe2 Nbd7 19. Ba4 Re7 20. O-O Ne5 21. Rac1 Rc8
22. Bf2 a6 23. Nf4 Qa5 24. b3 Rec7 25. Nd3 Nxd3 26. Qxd3 c4 27. Qd1 c3 28. Bd4
Nd7 29. Bxg7 Kxg7 30. Qd4+ f6 31. Bxd7 Rxd7 32. Rc2 Qc5 33. Qxc5 Rxc5 34. Re1
Rb7 35. Kf2 a5 36. Ke3 Ra7 37. g4 a4 38. bxa4 Rxa4 39. Ree2 Rb5 40. Kd3 Rc5 41.
Rg2 Kf7 42. Rgf2 g5 43. h3 Ra7 44. Rh2 Kg7 45. Rhf2 Ra8 46. Rh2 Rc7 47. h4 Rh8
48. h5 Ra8 49. Rhf2 Kf8 50. Rfe2 Ke8 51. Rf2 Rac8 52. Rfe2 Rf7 53. Kd4 Rc5 54.
Kd3 Kd8 55. Kd4 Rfc7 56. Kd3 Kc8 57. Kd4 Kb8 58. Kd3 Ka7 59. Kd4 Kb6 60. Rf2
Kb5 61. Rg2 Rc4+ 62. Kd3 Kc5 63. Rge2 Rd4+ 64. Ke3 Kc4 65. Rf2 Ra7 66. Rg2 Ra3
67. Rge2 b3 68. axb3+ Rxb3 69. Ra2 c2+ 0-1

[Event "IX Floripa Chess Open Fort Atacadista"]
[Site "Florianópolis - Santa Catari"]
[Date "2023.01.29"]
[Round "10.189"]
[White "Mesquita, Victor Noronha"]
[Black "Pereira, Armando Scharlau"]
[Result "0-1"]
[WhiteElo "1289"]
[BlackElo "1581"]
[PlyCount "68"]
[EventDate "2023.01.23"]
[EventRounds "10"]
[EventCountry "BRA"]

1. e4 e6 2. d4 d5 3. exd5 exd5 4. Bd3 Nf6 5. Bf4 Nc6 6. c3 Bd6 7. Bxd6 Qxd6 8.
Nf3 Bg4 9. Nbd2 O-O 10. O-O Rfe8 11. b4 Qf4 12. b5 Ne7 13. Qc2 g6 14. Rfe1 Qh6
15. Ne5 Bf5 16. Bxf5 Nxf5 17. Nf1 Nd6 18. a4 Qf4 19. g3 Qf5 20. Qxf5 Nxf5 21.
f3 Nd6 22. Rab1 a6 23. b6 c6 24. g4 Kf8 25. g5 Re7 26. Nd3 Rae8 27. Rxe7 Rxe7
28. Kf2 Nc4 29. Ra1 Nd7 30. Ra2 f6 31. Nd2 Nxd2 32. Rxd2 Kf7 33. Re2 Rxe2+ 34.
Kxe2 f5 0-1

[Event "IX Floripa Chess Open Fort Atacadista"]
[Site "Florianópolis - Santa Catari"]
[Date "2023.01.29"]
[Round "10.190"]
[White "Soares, Suyane"]
[Black "Furtado, Tiago Cicotti"]
[Result "1-0"]
[WhiteElo "1250"]
[BlackElo "1580"]
[PlyCount "44"]
[EventDate "2023.01.23"]
[EventRounds "10"]
[EventCountry "BRA"]

1. d4 Nf6 2. c4 g6 3. Nc3 Bg7 4. e4 d6 5. f3 O-O 6. Be3 Na6 7. Qd2 c5 8. d5 Re8
9. g4 h5 10. gxh5 Nxh5 11. Nge2 Nc7 12. Ng3 Nf6 13. h4 e6 14. h5 exd5 15. cxd5
Bd7 16. hxg6 b5 17. gxf7+ Kxf7 18. Bg5 b4 19. Nce2 Qc8 20. Qf4 Re5 21. Nh5 Nce8
22. Nxg7 Kxg7 1-0

[Event "IX Floripa Chess Open Fort Atacadista"]
[Site "Florianópolis - Santa Catari"]
[Date "2023.01.29"]
[Round "10.191"]
[White "Lima Miranda, Caio Cesar"]
[Black "Calsing, Enzo Guedes"]
[Result "0-1"]
[WhiteElo "1579"]
[BlackElo "1316"]
[PlyCount "85"]
[EventDate "2023.01.23"]
[EventRounds "10"]
[EventCountry "BRA"]

1. c4 e5 2. Nc3 Nf6 3. g3 Nc6 4. Bg2 Bc5 5. e3 O-O 6. Nge2 Re8 7. d3 d6 8. O-O
Be6 9. h3 Qd7 10. Kh2 d5 11. cxd5 Nxd5 12. a3 a5 13. Qc2 Be7 14. Bd2 Rad8 15.
Rfd1 Nb6 16. Be1 f6 17. Na4 Nxa4 18. Qxa4 Bd5 19. e4 Be6 20. Qb5 b6 21. f4 Nd4
22. Nxd4 exd4 23. Qxd7 Rxd7 24. b4 axb4 25. axb4 Bb3 26. Rdc1 c5 27. Ra6 Rb8
28. b5 Rc7 29. Bf1 Rcc8 30. Be2 Ra8 31. Rca1 Rxa6 32. bxa6 b5 33. a7 Ra8 34.
Bf3 Ba4 35. e5 Rxa7 36. Bc6 Ra6 37. Bd7 fxe5 38. fxe5 Bd8 39. Rb1 b4 40. Bxb4
cxb4 41. Rxb4 Bxd7 42. Rb8 Kf7 43. Rxd8 0-1